Geography Quiz

Random Geography or City Quiz

Distances from Hong Kong Quiz Stats

 Plays Quiz not verified by Sporcle

Score 0/18 Timer 10:00
0 Plays Today
Distance (Compass Direction) City % Correct
63 km (W)Macau
77.8%
31 km (N)Shenzhen
58.8%
2573 km (SW)Singapore
47.1%
806 km (NE)Taipei
41.6%
8935 km (E)Honolulu
16.7%
6825 km (S)Adelaide
12.2%
1538 km (SW)Phnom Penh
10.4%
9857 km (NW)Dublin
9%
18357 km (SE)Lima
8.1%
Distance (Compass Direction) City % Correct
1917 km (S)Bandar Seri Begawan
8.1%
8678 km (NW)Copenhagen
7.2%
8291 km (SE)Suva
7.2%
11714 km (NE)Las Vegas
5%
7591 km (W)Damascus
4.1%
8523 km (W)Khartoum
4.1%
4463 km (NW)Novosibirsk
3.6%
3767 km (SW)Hyderabad
1.8%
10843 km (SW)Gaborone
1.4%

You're not logged in!

Compare scores with friends on all Sporcle quizzes.
OR
Log In

Show Comments

Extras

Top Quizzes Today


Score Distribution

Your Account Isn't Verified!

In order to create a playlist on Sporcle, you need to verify the email address you used during registration. Go to your Sporcle Settings to finish the process.

Report this User

Report this user for behavior that violates our Community Guidelines.

Details: